000 00507nam a2200169 i 4500
001 32589
003 ES-MaACL
005 20230906154611.0
007 t|
008 030131s1972 an ||||1| spa d
100 1 _aBernadac, Christian.
_928171
245 1 4 _aLos brujos de cielo /
_cChristian Bernadac ; [versión, Carmen Solr Blanch].
260 _aBarcelona :
_bLuis de Caralt,
_c[1972]
300 _a319 p. ;
_c20 cm.
700 1 _aSoler Blanch, Carmen.
_9107168
852 _aES-MaACL
_jC-49425
_bR.84784
999 _c32589
_d32589